The king and his court / (Record no. 40857)
[ view plain ]
| 000 -LEADER | |
|---|---|
| fixed length control field | 01030nam a2200301 a 4500 |
| 001 - CONTROL NUMBER | |
| control field | 40857 |
| 003 - CONTROL NUMBER IDENTIFIER | |
| rucl marc code | BD-RjUL |
| 005 - DATE AND TIME OF LATEST TRANSACTION | |
| control field | 20211209053304.0 |
| 008 - FIXED-LENGTH DATA ELEMENTS--GENERAL INFORMATION | |
| fixed length control field | 160511s1965 mau 000 0beng |
| 035 ## - SYSTEM CONTROL NUMBER | |
| System control number | (BD-RjUL)40972 |
| System control number | (OCoLC)227773 |
| 040 ## - CATALOGING SOURCE | |
| Original cataloging agency | DLC |
| Transcribing agency | OYU |
| Modifying agency | OCoLC |
| -- | OCU |
| -- | NBrockU |
| -- | DLC |
| -- | BD-RjUL |
| Language of cataloging | eng |
| 041 1# - LANGUAGE CODE | |
| Language code of text/sound track or separate title | eng |
| Language code of original | fre |
| 082 ## - DEWEY DECIMAL CLASSIFICATION NUMBER | |
| Classification number | 320.944 |
| Author mark and year | VIK 1965 |
| 100 2# - MAIN ENTRY--PERSONAL NAME | |
| Personal name | Viansson-Ponté, Pierre, |
| Dates associated with a name | 1920- |
| 9 (RLIN) | 125735 |
| 245 14 - TITLE STATEMENT | |
| Title | The king and his court / |
| Statement of responsibility, etc. | Viansson-Ponté, Pierre ; Translated by Elaine P. Halperin. With a foreword by Janet Flanner. |
| 260 ## - PUBLICATION, DISTRIBUTION, ETC. (IMPRINT) | |
| Place of publication, distribution, etc. | Boston : |
| Name of publisher, distributor, etc. | Houghton Mifflin, |
| Date of publication, distribution, etc. | 1965. |
| 300 ## - PHYSICAL DESCRIPTION | |
| Pagination | xv, 250 p. ; |
| Size | 22 cm. |
| 500 ## - GENERAL NOTE | |
| General note | Translation of Les Gaullistes. |
| 600 10 - SUBJECT ADDED ENTRY--PERSONAL NAME | |
| Personal name | Gaulle, Charles de, |
| Dates associated with a name | 1890-1970 |
| 651 #0 - SUBJECT ADDED ENTRY--GEOGRAPHIC NAME | |
| Geographic name | France |
| General subdivision | Politics and government |
| Chronological subdivision | 1958-1969 |
| General subdivision | Biography. |
| 9 (RLIN) | 125737 |
| 700 ## - ADDED ENTRY--PERSONAL NAME | |
| Personal name | Halperin,Elaine P., Translator |
| Personal name | Flanner., Janet |
| 942 ## - ADDED ENTRY ELEMENTS (KOHA) | |
| Source of classification or shelving scheme | Dewey Decimal Classification |
| Koha item type | Books |
| Lost status | Source of classification or shelving scheme | Damaged status | Not for loan | Collection code | Permanent Location | Current Location | Shelving location | Date acquired | Source of acquisition | Total Checkouts | Full call number | Date last seen | Copy number | Koha item type |
|---|---|---|---|---|---|---|---|---|---|---|---|---|---|---|
| Dewey Decimal Classification | Not For Loan | Non-fiction | Central Library, University of Rajshahi | Central Library, University of Rajshahi | Reading Room | 16/02/1978 | Chairman, Dept. of Zoology | 320.944 VIK 1965 | 11/05/2016 | C-1 | Books |